书目信息 |
| 题名: |
河北方言【XI儿】形式音变的动因、机制及类型学意义
|
|
| 作者: | 李巧兰 著 | |
| 分册: | ||
| 出版信息: | 北京 中国社会科学出版社 2024.03 |
|
| 页数: | 393页 | |
| 开本: | 20cm | |
| 丛书名: | ||
| 单 册: | ||
| 中图分类: | H172.1 | |
| 科图分类: | ||
| 主题词: | 汉语方言 | |
| 电子资源: | ||
| ISBN: | 7-5227-3165-8 | |
| 000 | 00688nam0 2200205 450 | |
| 001 | 2457694016 | |
| 005 | 20241211160912.33 | |
| 010 | @a7-5227-3165-8@dCNY139.00 | |
| 100 | @a20241211d2024 km y0chiy0120 ea | |
| 101 | 0 | @achi |
| 102 | @aCN@b110000 | |
| 102 | @aCN@b110000 | |
| 200 | 1 | @a河北方言【XI儿】形式音变的动因、机制及类型学意义@AHe Bei Fang Yan【XI Er】Xing Shi Yin Bian De Dong Yin、Ji Zhi Ji Lei Xing Xue Yi Yi@f李巧兰著@FLi Qiao Lan Zhu |
| 210 | @a北京@c中国社会科学出版社@d2024.03 | |
| 215 | @a393页@d20cm | |
| 606 | 0 | @a汉语方言 |
| 690 | @aH172.1@v4 | |
| 701 | 0 | @a李巧兰@ALi Qiao Lan@4著 |
| 801 | 0 | @aCN@b大连网信软件有限公司图书馆·11@c20241211 |
| 905 | @aZUCC@dH172.1@e133 | |
| 河北方言【XI儿】形式音变的动因、机制及类型学意义/李巧兰著.-北京:中国社会科学出版社,2024.03 |
| 393页;20cm |
| ISBN 7-5227-3165-8:CNY139.00 |
| ● |
| 相关链接 |
|
|
|
|
正题名:河北方言【XI儿】形式音变的动因、机制及类型学意义
索取号:H172.1/133
 
预约/预借
| 序号 | 登录号 | 条形码 | 馆藏地/架位号 | 状态 | 备注 |
| 1 | 1439726 | 214397268 | 第二样本阅览室/ [索取号:H172.1/133] | 在馆 |